Simulation of ground-water flow to assess geohydrologic factors and their effect on source-water areas for bedrock wells in Connecticut /

Bibliographic Details
Main Author: Starn, J. Jeffrey
Corporate Authors: Geological Survey (U.S.), Connecticut. Department of Public Health
Other Authors: Stone, Janet Radway
Format: Government Document eBook
Language:English
Published: Reston, Va. : U.S. Dept. of the Interior, U.S. Geological Survey, 2005.
Edition:[Version 1.0].
Series:Scientific investigations report ; 2004-5132.
Subjects:
Online Access:https://purl.fdlp.gov/GPO/LPS104764

MARC

Tag First Indicator Second Indicator Subfields
LEADER 00000cam a2200000 a 4500
001 in00002433721
005 20211202190037.0
006 m d f
007 cr mn|||||||||
008 050303s2005 vauab sb f000 0 eng c
035 |a (OCoLC)ocm57965393 
040 |a GIS  |c GIS  |d OCLCQ  |d GPO  |d MvI  |d UtOrBLW 
042 |a pcc 
043 |a n-us-ct 
049 |a WWW 
074 |a 0624-B-02 (online) 
086 0 |a I 19.42/4-4:2004-5132 
100 1 |a Starn, J. Jeffrey. 
245 1 0 |a Simulation of ground-water flow to assess geohydrologic factors and their effect on source-water areas for bedrock wells in Connecticut /  |c by J. Jeffrey Starn and Janet Radway Stone ; in cooperation with the Connecticut Department of Public Health. 
250 |a [Version 1.0]. 
264 1 |a Reston, Va. :  |b U.S. Dept. of the Interior, U.S. Geological Survey,  |c 2005. 
300 |a vi, 78 pages :  |b digital, PDF file. 
336 |a text  |b txt  |2 rdacontent 
337 |a computer  |b c  |2 rdamedia 
338 |a online resource  |b cr  |2 rdacarrier 
490 1 |a Scientific investigations report ;  |v 2004-5132 
538 |a Mode of access: Internet at the USGS web site. Address as of 9/25/08: http://pubs.usgs.gov/sir/2004/5132/sir2004-5132.pdf ; current access is available via PURL. 
500 |a Title from PDF title screen (viewed Mar. 2, 2005). 
504 |a Includes bibliographical references (pages 63-64). 
500 |a Electronic resource. 
650 0 |a Groundwater flow  |z Connecticut  |x Mathematical models. 
650 0 |a Hydrogeology  |z Connecticut. 
700 1 |a Stone, Janet Radway. 
710 2 |a Geological Survey (U.S.) 
710 1 |a Connecticut.  |b Department of Public Health. 
830 0 |a Scientific investigations report ;  |v 2004-5132. 
856 4 0 |u https://purl.fdlp.gov/GPO/LPS104764  |t 0 
999 |a MARS 
999 f f |s 9eeea41d-2b11-39ab-9757-d608ebbb8e0e  |i 6a7ac235-7f61-3e9c-8f2a-d984e6bbfdc8  |t 0 
952 f f |a Texas A&M University  |b College Station  |c Electronic Resources  |d Available Online  |t 0  |e I 19.42/4-4:2004-5132  |h Superintendent of Documents classification 
998 f f |a I 19.42/4-4:2004-5132  |t 0  |l Available Online